Implementácia štrukturálnej politiky EÚ na Slovensku
Štruktúrna politika v Európskej únii. Vývoj štrukturálnej politiky v EÚ. Reforma štrukturálnej politiky pre obdobie 2000-2006. Pre asociované krajiny budú dôležité dve navrhované nariadenia ISPA a SAPARD. Finančná podpora z fondov EÚ pre rozvoj vidieka.
Salvato in:
| Autore principale: | |
|---|---|
| Natura: | Capitolo di libro |
| Lingua: | slovacco |
| Soggetti: | |
| Tags: |
Nessun Tag, puoi essere il primo ad aggiungerne!!
|
MARC
| LEADER | 00000naa a2200000 4500 | ||
|---|---|---|---|
| 001 | r034478 | ||
| 005 | 20230922111236.9 | ||
| 041 | 0 | |a slo | |
| 044 | |a CZ | ||
| 245 | 1 | 0 | |a Implementácia štrukturálnej politiky EÚ na Slovensku |c I. Námerová |
| 520 | |a Štruktúrna politika v Európskej únii. Vývoj štrukturálnej politiky v EÚ. Reforma štrukturálnej politiky pre obdobie 2000-2006. Pre asociované krajiny budú dôležité dve navrhované nariadenia ISPA a SAPARD. Finančná podpora z fondov EÚ pre rozvoj vidieka. | ||
| 610 | 2 | 0 | |a vidiek |
| 610 | 2 | 0 | |a Európska únia |
| 610 | 2 | 0 | |a rozvoj územný |
| 610 | 2 | 0 | |a fondy štruktúrne |
| 610 | 2 | 0 | |a politika štruktúrna |
| 610 | 2 | 0 | |a Slovensko |
| 610 | 2 | 0 | |a SVE |
| 610 | 2 | 0 | |a 2000-2006 |
| 100 | 1 | |a Námerová, Iveta | |